| 000 | 00356nam a22001457a 4500 | ||
|---|---|---|---|
| 999 |
_c14869 _d14869 |
||
| 020 | _a8183600530 | ||
| 020 | _a9788183600538 | ||
| 082 |
_a633.74 _bSHA/SC |
||
| 100 |
_aSharma, Sanjeev Kumar _9773 |
||
| 100 |
_aNaidu, Madhava M _92124 |
||
| 245 | _aScience of cocoa processing | ||
| 260 |
_aNew Delhi _bJain Brothers _c2008 |
||
| 300 | _a166p | ||
| 942 | _cBK | ||